Tilastot visalle Kongon dem. tasavalta -visa

Klikkaa tästä pelataksesi tätä visaa!

Yleistilastot

  • Tätä visaa on pelattu 218 kertaa
  • Keskiarvotulos 13 / 20

Vastaustilastot

KysymysVastaus% Oikein
Mikä on Kongon virallinen kieli?Ranska
93%
Mikä on ainoa Afrikan valtio, joka on suurempi kuin Kongo?Algeria
89%
Minkä Euroopan valtion siirtomaa Kongo oli?Belgia
89%
Minkä joen varrella molemmat näistä kaupungeista sijaitsevat?Kongo
88%
Mikä on ainoa päiväntasaajalla sijaitseva valtio, joka on pinta-alaltaan suurempi kuin Kongo?Brasilia
84%
Mikä on Kongon suurin naapurimaa?Angola
82%
Mikä on Kongon dem. tasavallan pääkaupunki?Kinshasa
81%
Mikä oli Kongon nimi vuosina 1971-1997?Zaire
74%
Mikä pelottava verenvuototauti on nimetty Kongossa sijaitsevan joen mukaan?Ebola
71%
Mikä pääkaupunki sijaitsee vain 8 kilometriä yllä olevasta pohjoiseen?Brazzaville
70%
Mitkä kaksi K:lla alkavaa metallia ovat Kongon tärkeimmät vientituotteet?Kupari
69%
Mitä afrikkalaista "lingua francaa" puhutaan laajalti Kongon itäosissa?Swahili
64%
Kuka eurooppalainen kuningas omisti itse Kongon, kohdellen sitä huonosti?Leopold II
57%
Mikä kirahvin sukulainen, jolla on seepran kaltaiset raidat, on Kongon kansalliseläin?
vihje: alkaa O:lla
Okapi
52%
Mitkä kaksi K:lla alkavaa metallia ovat Kongon tärkeimmät vientituotteet?Koboltti
50%
Mikä yleiskäsite viittaa erittäin lyhyisiin ja voimakkaasti vainottuihin heimoyhteisöihin Kongossa ja lähialueilla?Pygmit
43%
Mikä järvi, joka on tilavuudeltaan toiseksi suurin maailmassa, sijaitsee Kongon ja Tansanian välissä?Tanganjikajärvi
38%
Mikä simpanssin sukulainen elää vain Kongossa?Bonobo
35%
Mikä on Kongon korkein vuori? (Nimetty brittiläisen tutkimusmatkailijan mukaan)Mount Stanley
35%
Kuka oli sen diktaattori tähän aikaan?Mobutu Sese Seko
34%

Tulosjakauma

Persentiili vastausten määrän mukaan

Jokaisen tuloksen saaneiden osuus

Tuloshistoriasi

Et ole pelannut tätä visaa